Chansons de Dua Lipa en français - Statistiques

Statistiques générales
  • Ce quiz a été pris 44 fois
  • Le résultat moyen est 20 sur 34
Statistiques - réponses
Traduction Titre % Correct
Coeur froid Cold Heart
100%
Fièvre Fever
82%
Nouvelles règles New Rules
82%
Physique Physical
82%
Briser mon coeur Break My Heart
79%
Ne commence pas maintenant Don't Start Now
79%
Électricité Electricity
76%
Aimer encore Love Again
74%
Heureuse pour toi Happy For You
71%
Ces murs These Walls
71%
Saison d'entraînement Training Season
71%
Léviter Levitating
68%
Un bisou One Kiss
68%
Nostalgie future Future Nostalgia
65%
Danser la nuit Dance The Night
62%
Halluciner Hallucinate
59%
Fin d'une ère End Of An Era
56%
Sortie française French Exit
56%
Pas de mensonge No Lie
56%
Bon au lit Good In Bed
53%
Plus chaud que l'enfer Hotter Than Hell
53%
Peur d'être seul Scared To Be Lonely
53%
Être le bon Be The One
50%
Les garçons seront des garçons Boys Will Be Boys
50%
Tomber pour toujours Falling Forever
50%
Bisou et maquillage Kiss And Make Up
50%
Prisonnier Prisoner
44%
JMBLC IDGAF
41%
Marie Maria
41%
Tarte la plus sucrée Sweetest Pie
41%
Tout pour l'amour Anything For Love
38%
Tu fais quoi Watcha Doing
26%
Te couper le souffle Blow Your Mind
21%
Frais Cool
12%
Aucun quiz correspondant
Distribution des résultats
% des personnes avec chaque résultat
Percentile par nombre de réponses
Votre historique - résultats
Vous n’avez pas pris ce quiz